000 00268nam a2200109Ia 4500
008 190216s9999||||xx |||||||||||||| ||und||
100 _aSreenivasan
245 0 _aNamvanangum Daivangal
260 _bDakshina Bhasha Book Trust
650 _aEssay Malayalam
942 _cBK
999 _c25006
_d25006